00903nam a2200193 a 450000100100000000500170001000800410002702000180006804000250008610000370011124500810014826000460022930000280027550000620030395201110036595201050047695201110058199900170069200001340820240404094740.0091124s2008 dr a 000 0 spa d a9789945452631 aDO-SdBNPbspacBNPHU1 aCruz Sánchez, Filiberto91311214aLas elecciones en tiempos de Leonel Fernández /cFiliberto Cruz Sánchez. aSanto Domingo, :bEl nuevo diario,c2008. a102 p. :bil. ;c21 cm. aIncluye datos biografícos del autor en la contraportada 0010718DSaGRbGRcHDd2009-11-24iLF1l0o p13408-30r2020-06-25te. 3w2020-06-25yLFDSZNo se presta 0010718PDaPDbPDcHDd2009-11-24iLF1l0o p13408-10r2020-06-25w2020-06-25yLFPDZNo se presta 0010718PDaPDbPDcHDd2009-11-24iLF1l0o p13408-20r2020-06-25te. 2w2020-06-25yLFPDZNo se presta c13034d13034